000 00619nas a2200217 4500
001 BR9508303
003 BR-BrBNA
005 20231205094525.0
007 ta
008 230509b bl.|||p| |||| 00| 00por d
040 _aBR-BrBNA
_bpor
_cBiblioteca Nacional de Agricultura
041 _a(Pt)
072 _aL01
100 1 _aNunes, E.
100 1 _aLima, W.
245 1 _aUma raca retorma o prestigio e volta outra vez aos campos
650 _aGado Normando
773 0 _tAgricultura de Hoje (Brazil)
_x
_g(Jul 1976), v. 2(16) p. 4-7
_wBR9508303
909 _a202311
_bLúcia
_c55
_dLúcia Elande
942 _2AGRIS
_n0
_cANA
999 _c144955
_d144955